Tamil Nadu: general economic tables (Record no. 485519)

000 -LEADER
fixed length control field 00464cam a22001337a 4500
008 - FIXED-LENGTH DATA ELEMENTS--GENERAL INFORMATION
fixed length control field 180718b1981 xxu||||| |||| 00| 0 eng d
082 ## - DEWEY DECIMAL CLASSIFICATION NUMBER
Classification number A81x54 In2/71/19/Pt 2 B/2
100 ## - MAIN ENTRY--PERSONAL NAME
Personal name Census of India 1971
245 ## - TITLE STATEMENT
Title Tamil Nadu: general economic tables
260 ## - PUBLICATION, DISTRIBUTION, ETC.
Place of publication, distribution, etc. New Delhi
Name of publisher, distributor, etc. The Controller of Publications
Date of publication, distribution, etc. 1981
300 ## - PHYSICAL DESCRIPTION
Extent 350+p.
440 ## - SERIES STATEMENT/ADDED ENTRY--TITLE
Title Census of India 1971. Series-19, Tamil Nadu. Part II-B (ii)
500 ## - GENERAL NOTE
General note Contents: Tables B-I, Part B, B-III and B-IV
Holdings
Withdrawn status Lost status Damaged status Not for loan Permanent Location Current Location Date acquired Full call number Barcode Date last seen Price effective from Koha item type
        Indian Institute of Public Administration Indian Institute of Public Administration 2018-08-04 A81x54 In2/71/19/Pt 2 B/2 G15489 2018-08-04 2018-08-04 G

Powered by Koha